00679nam a22002297a 4500001000500000005001700005020001800022040002900040082001000069100003000079245006500109260003200174300002300206505000800229520008700237521002000324521002000344650001400364650002500378650001400403700003200417203120241121150536.0 a9781407114569 aFISKHbengcFISKHdFISKH a001.5 aKimpton, Dianad1931-2013 aCracking codes /cDiana Kimpton illustrated by Mike Phillips aLondon :bScholastic,c2010 a158 pages :c20 cm aU  aThis book tells the history of computing using comic book illustrations and humor. a830 bLexile  aU bRaz-Plus  aComputers aHistory of computers aComputing aPhillips, MikecIllustrator